000 00297nam a2200121Ia 4500
008 190216s9999||||xx |||||||||||||| ||und||
100 _aSudharshan Bhatia
245 0 _aHindi-Shivaratri Se Vishpan Tak
260 _bHimachal Pusthak Bander
_c2008
300 _a160
650 _aHindi
942 _cBK
999 _c16541
_d16541